top 10 męskich imion 2022 - Statystyki

Ogólne statystyki
  • Ten quiz został rozwiązany 170 razy
  • Średni wynik to 5 z 10
Statystyki odpowiedzi
Lp. Imię % Poprawnych
6 Jakub
80%
2 Jan
71%
1 Antoni
55%
10 Filip
41%
5 Franciszek
41%
3 Aleksander
36%
4 Nikodem
34%
7 Leon
33%
9 Stanisław
33%
8 Mikołaj
25%
Nie znaleziono quizów pasujących do podanych kryteriów
Rozkład punktacji
Procent ludzi z każdym wynikiem
Percentyl według liczby udzielonych odpowiedzi
Twoja historia wyników
Nie rozwiązałeś tego quizu